000 00368nam a2200133 i 4500
001 bg
100 1 _aNIZGIN, W. P.
245 0 _aRazwitie wzaimoswjazi principow inwariantnosti s zakonami sochranenija w klassiceskoe fizike /
_cW.P. Nizgin.
260 _aMoskwa,
_c1972.
040 _cBPK
041 _apol
942 _cKS
008 s pl f |000 0 pol
999 _c15340
_d15340
856 _uhttp://koha.tu.koszalin.pl/cgi-bin/koha/opac-detail.pl?biblionumber=15340
_yKatalog online BPK